| 000 | 00924nam a2200277 i 4500 | ||
|---|---|---|---|
| 003 | DO-SdBNP | ||
| 005 | 20240529132238.0 | ||
| 006 | a||||gr|||| 00| 0 | ||
| 007 | ta | ||
| 008 | 240515e2023 dr ac||| |||| 00| p spa d | ||
| 020 | _a9789945188127 | ||
| 040 |
_aDO-SdBNP _bspa _cBNPHU _erda |
||
| 082 | _bF316e | ||
| 100 |
_aFéliz Corporán, Keren Miledys _978890 _eautora |
||
| 245 | 1 | 0 |
_aEntre el espinsón y el romanllejo / _cKeren Miledys Féliz Corporán. |
| 264 | 1 |
_aBarahona, República Dominicana : _bAutónoma, _c2023 |
|
| 300 |
_a95 págias : _bilustraciones, retrato ; _c21 cm. |
||
| 336 |
_2rdacontent _atexto _btxt |
||
| 337 |
_2rdamedia _asin mediación _bn |
||
| 338 |
_2rdacarrier _avolumen _bnc |
||
| 500 | _aIncluye datos biográficos de la autora en la vii - viii | ||
| 590 | _aInventariado 2024 / MF | ||
| 650 | 4 |
_aLiteratura dominicana. _967 |
|
| 650 | 0 |
_aPoesía dominicana _978060 |
|
| 942 |
_2ddc _cLBS1 |
||
| 999 |
_c56672 _d56672 |
||